000 00729nam a2200229 a 4500
001 1140
003 BR-CuiBMT
005 20231129203933.0
008 231129s2010 dfba 000 0 por d
040 _aBR-CuiBMT
_cBR-CuiBMT
080 _22007
_a657.633
090 _a657.633
_bA912
245 1 _aAuditoria interna e controle governamental /
_cTribunal de Contas da União.
260 _aBrasília :
_bTribunal de Contas da União,
_c2010.
300 _a337 p.:
_bil.
_c25 cm
504 _aInclui bibliografia.
650 _aAuditoria administrativa
_xmetodologia
650 _aAdministração pública
_xAuditoria
_zBrasil
650 _aTribunais de contas
710 1 _aBrasil
_bTribunal de Contas da União
942 _2udc
_cLV
999 _c1140
_d1140